000 00898nam a2200325Ia 4500
001 76634
003 IT-RoPAU
008 130308s9999 xx 000 0 und d
040 _aIT-RoPAU
040 _cIT-RoPAU
041 _aITALIANO
100 _aBarbieri Guido
100 _gCodice Aut. SPICS: 26885
245 _aMusica a Roma e nel Lazio (La)
245 _bLazio-L'Organizzazione Musicale
250 _a2a ed.
260 _aROMA
260 _bCidim
260 _c1988 [1° Ed.:1985 - Ed.Ling.Originale:1985]
300 _a"23 p. (prefazione: no ; testo: 23 [pagine: 7-29])"
500 _aTabelle di Concerti di Musica Tabelle di Sovvenzioni Statali
650 _aSTORIA NAZIONALE DELLA MUSICA
650 _eCodice materia Spics: 7009
700 _aRuggieri Marcello
700 _gCodice Aut. SPICS: 7259
942 _cBK
957 _71
999 _c59206
_d59206
999 _bSI
999 _g1